000 00295nam a22001337a 4500
008 170329b xxu||||| |||| 00| 0 eng d
020 _a9780077361341
041 _aeng
080 _212TH
_a611
100 _a8
101 _aSHM
245 _aHUMAN ANATOMY&PHYSIOLOGY
_cSHIER, D
942 _2udc
_cBK
999 _c8912
_d8912